| 000 | 00665nam a2200193Ii 4500 | ||
|---|---|---|---|
| 003 | JO-AjNU | ||
| 008 | 230605s9999||||xx |||||||||||||| ||und|| | ||
| 040 |
_aJO-AjNU _bara _erda _cJO-AjNU |
||
| 041 | _aara | ||
| 050 | 1 | 4 | _aD765.B57.A2256 1984 |
| 100 | 3 |
_aمصطفى، عبد المنعم, _eauthor _937842 |
|
| 245 | 0 | 0 | _a مغامرات البارجة الالمانية بسمارك |
| 264 | 3 | 1 | _aبغداد: المكتبة العالمية، 1984 |
| 300 | _a 48ص | ||
| 336 |
_atext _btxt _2rdacontent |
||
| 337 |
_aunmediated _bn _2rdamedia |
||
| 338 |
_avolume _bnc _2rdacarrier |
||
| 650 | 4 |
_aالحرب العالمية الثانية- 1939-1945 _937843 |
|
| 999 |
_aA15849 _c19417 _d19417 |
||